<?xml version="1.0" encoding="UTF-8"?>
<marc:record xmlns:marc="http://www.loc.gov/MARC21/slim">
   <marc:leader>00000nam a2200000 a 4500</marc:leader>
   <marc:datafield ind1="1" ind2=" " tag="100">
      <marc:subfield code="a">Lutz, Thomas</marc:subfield>
      <marc:subfield code="4">aut</marc:subfield>
      <marc:subfield code="e">Verfasser/-in</marc:subfield>
   </marc:datafield>
   <marc:datafield ind1=" " ind2=" " tag="653">
      <marc:subfield code="a">Erziehung</marc:subfield>
   </marc:datafield>
   <marc:datafield ind1=" " ind2=" " tag="653">
      <marc:subfield code="a">Eltern</marc:subfield>
   </marc:datafield>
   <marc:datafield ind1="0" ind2="0" tag="245">
      <marc:subfield code="a">Liebevoll und kompetent</marc:subfield>
   </marc:datafield>
   <marc:datafield ind1="0" ind2="0" tag="245">
      <marc:subfield code="b">Die Erziehungsbasics für Eltern</marc:subfield>
   </marc:datafield>
   <marc:datafield ind1=" " ind2="1" tag="264">
      <marc:subfield code="b">Herder</marc:subfield>
      <marc:subfield code="c">2009</marc:subfield>
   </marc:datafield>
   <marc:datafield ind1="1" ind2=" " tag="520">
      <marc:subfield code="a">Quelle: bn.bibliotheksnachrichten (http://www.biblio.at/literatur/bn/index.html);  Autor: Gabriele Doblhammer;  Hervorragender Erziehungsratgeber. (PN)  Hinter diesem Erziehungsratgeber steht ein in der Praxis erprobtes Konzept - das Elterntrainingsprogramm "Liebevoll &amp; Kompetent", das die Autorinnen für das Bistum Trier entwickelt haben. Es richtet sich an Eltern mit Kindern zwischen zwei Jahren und der einsetzenden Pubertät. Ziel ist es, die liebevolle Beziehung zum Kind durch fundiertes Wissen und taugliches Handwerkszeug zu ergänzen. Dabei geht es um zehn grundlegende Themen: Mit Kindern reden, Arbeitsschutz für Eltern, Bindung, Umgang mit problematischem Verhalten, Kinder brauchen Führung usw. In vielen Erziehungsratgebern hat man den Eindruck, dass die Autoren sich nicht getrauen, festzulegen, wie ihre theoretischen Überlegungen in einer Alltagssituation ganz konkret umgesetzt werden können. Das ist hier anders: Es werden klare Grundsätze aufgestellt, die dann ausführlich anhand von Beispielen aus der Praxis erklärt werden. Außerdem gibt es praktische Übungen, die man allein oder mit anderen machen kann, z.B. eine negativ formulierte Regel in eine positive umformulieren. Insgesamt ein sehr überzeugender und praxisnaher Elternratgeber.</marc:subfield>
   </marc:datafield>
   <marc:datafield ind1="3" ind2=" " tag="024">
      <marc:subfield code="a">9783451299322</marc:subfield>
   </marc:datafield>
</marc:record>
